[Event "13. Lichtenberger Sommer"]
[Site "?"]
[Date "2014.08.23"]
[Round "8.59"]
[White "Waitz, Marco"]
[Black "Peter, Volkhard"]
[Result "1-0"]
[WhiteElo "1984"]
[BlackElo "1815"]
[PlyCount "83"]
[EventDate "2014.??.??"]
[WhiteTeam "BSV 63 Chemie Weißensee"]
[BlackTeam "Schachclub Oranienburg e.V."]

1. e4 e5 2. Nf3 Nc6 3. d4 exd4 4. Nxd4 Bb4+ 5. c3 Bc5 6. Be3 Qe7 7. Nxc6 dxc6
8. Bxc5 Qxc5 9. Qd4 Qg5 10. Nd2 Bg4 11. f3 Rd8 12. Qf2 Be6 13. f4 Qa5 14. f5
Bxa2 15. Bc4 Qb6 16. Qxb6 axb6 17. Bxa2 Nf6 18. O-O-O Ng4 19. Rdf1 O-O 20. h3
Nf6 21. e5 Rxd2 22. Kxd2 Ne4+ 23. Kc2 Ng3 24. Re1 Nxh1 25. Rxh1 Re8 26. e6 fxe6
27. Rd1 Kf8 28. Bxe6 g6 29. Rd7 Re7 30. Rxe7 Kxe7 31. fxg6 hxg6 32. Bc8 Kf6 33.
Bxb7 c5 34. Kd3 g5 35. g3 Ke5 36. c4 Kf5 37. Ke3 Ke5 38. Bc8 c6 39. b3 b5 40.
Bd7 Kd6 41. Be8 b4 42. Ke4 1-0

[Event "13. Lichtenberger Sommer"]
[Site "?"]
[Date "2014.08.23"]
[Round "8.60"]
[White "Bullig, Reinhard"]
[Black "Fiedler, Wolfgang"]
[Result "1-0"]
[WhiteElo "1772"]
[BlackElo "1928"]
[PlyCount "69"]
[EventDate "2014.??.??"]
[WhiteTeam "Sfrd. Berlin 1903 e.V."]
[BlackTeam "SV Berolina Mitte e.V."]

1. d4 d5 2. c4 e5 3. e3 exd4 4. exd4 Bb4+ 5. Nc3 Qe7+ 6. Be3 Nf6 7. a3 Bxc3+ 8.
bxc3 Be6 9. Nf3 c6 10. Ne5 Nbd7 11. cxd5 cxd5 12. Nxd7 Nxd7 13. Bb5 O-O 14. c4
Nf6 15. c5 Bd7 16. Be2 h6 17. O-O Bc6 18. Re1 Qc7 19. Qc1 Nh7 20. Bd3 f5 21.
Bf4 Qf7 22. Re3 Ng5 23. Bd6 f4 24. Re5 Rfe8 25. Rf5 Qd7 26. Qxf4 Nf7 27. Rxf7
Qxf7 28. Bh7+ Kxh7 29. Qxf7 Re4 30. Be5 Rg4 31. Qf5+ Rg6 32. h4 h5 33. Qxh5+
Rh6 34. Qf5+ Kh8 35. Qg5 1-0

[Event "13. Lichtenberger Sommer"]
[Site "?"]
[Date "2014.08.23"]
[Round "8.61"]
[White "Schilling, Hans"]
[Black "Zuccolo, Sebastian"]
[Result "1-0"]
[WhiteElo "1846"]
[BlackElo "1434"]
[PlyCount "75"]
[EventDate "2014.??.??"]
[WhiteTeam "Sfr.Nord-Ost Berlin"]
[BlackTeam "ASD San Gregorio Pordenone"]

1. c4 Nf6 2. g3 e6 3. Bg2 d5 4. Nf3 Be7 5. b3 O-O 6. Bb2 b6 7. O-O Bb7 8. d3 c5
9. cxd5 Nxd5 10. Nbd2 Nd7 11. a3 Bf6 12. Qc2 Bxb2 13. Qxb2 Qf6 14. Qxf6 N7xf6
15. Rac1 Rfd8 16. Nc4 Ne8 17. Rc2 f6 18. Rb1 e5 19. b4 cxb4 20. axb4 Rac8 21.
b5 Rc5 22. Ra1 Rxb5 23. Rxa7 Rb1+ 24. Bf1 Nb4 25. Rb2 Rxb2 26. Nxb2 Bxf3 27.
exf3 Rb8 28. Bh3 Nc6 29. Be6+ Kh8 30. Rd7 Nd4 31. Bd5 Rc8 32. Bb7 Rb8 33. Bd5
b5 34. Kf1 g6 35. Rf7 Rd8 36. Rf8+ Kg7 37. Rg8+ Kh6 38. Bf7 1-0

[Event "13. Lichtenberger Sommer"]
[Site "?"]
[Date "2014.08.23"]
[Round "8.62"]
[White "Reiser, Ralf"]
[Black "Jensen, Johnny"]
[Result "0-1"]
[WhiteElo "1755"]
[BlackElo "1873"]
[PlyCount "82"]
[EventDate "2014.??.??"]
[WhiteTeam "Schachunion Berlin e.V."]
[BlackTeam "Aros Skakklub"]

1. e4 e5 2. Nf3 Nc6 3. Bb5 a6 4. Ba4 Nf6 5. O-O b5 6. Bb3 Be7 7. Re1 O-O 8. c3
d5 9. exd5 Nxd5 10. Nxe5 Nxe5 11. Rxe5 c6 12. d4 Bd6 13. Re1 Qh4 14. g3 Qh3 15.
Be3 Bg4 16. Qd3 Rae8 17. Nd2 Re6 18. Qf1 Qh5 19. Bd1 Bxd1 20. Raxd1 Rfe8 21.
Qe2 Qxe2 22. Rxe2 f5 23. c4 Nxe3 24. Rxe3 Rxe3 25. fxe3 Rxe3 26. cxb5 cxb5 27.
Kf2 Rd3 28. Ke2 Rxd4 29. Rc1 Bb4 30. Nb3 Re4+ 31. Kf3 Rc4 32. a3 Rxc1 33. Nxc1
Bd2 34. Nd3 Kf7 35. Ke2 Bg5 36. a4 Be7 37. axb5 axb5 38. b4 Ke6 39. Nf4+ Ke5
40. h4 Ke4 41. Nd3 Bd6 0-1

[Event "13. Lichtenberger Sommer"]
[Site "?"]
[Date "2014.08.23"]
[Round "8.63"]
[White "Albinus, Günter"]
[Black "Scholta, Danilo"]
[Result "1-0"]
[WhiteElo "1877"]
[BlackElo "1761"]
[PlyCount "85"]
[EventDate "2014.??.??"]
[WhiteTeam "SG Weißensee 49 e.V."]
[BlackTeam "SV Empor Berlin e.V."]

1. Nf3 d5 2. b3 f5 3. Bb2 e6 4. g3 Nf6 5. Bg2 Nbd7 6. d3 b6 7. Nd4 Nb8 8. O-O
c5 9. Nf3 Bd6 10. Nfd2 Bb7 11. e4 fxe4 12. dxe4 e5 13. exd5 Nbd7 14. Ne4 Qe7
15. Nxd6+ Qxd6 16. c4 O-O-O 17. Nc3 h5 18. Bh3 Kb8 19. Qe2 a6 20. a4 g5 21. Bf5
g4 22. Rae1 Rde8 23. Ne4 Qf8 24. Nxf6 Nxf6 25. Bxe5+ Ka8 26. Qb2 Rh6 27. Bf4
Rxe1 28. Rxe1 Nxd5 29. Bxh6 Qxf5 30. Qe5 Qf3 31. cxd5 Bxd5 32. Qe8+ Ka7 33.
Re7+ Bb7 34. Rxb7+ Kxb7 35. Qe7+ Ka8 36. Qf8+ Kb7 37. Qxf3+ gxf3 38. Kf1 Kc6
39. Ke1 Kd5 40. Kd2 c4 41. Be3 b5 42. axb5 axb5 43. Kc3 1-0

[Event "13. Lichtenberger Sommer"]
[Site "?"]
[Date "2014.08.23"]
[Round "8.64"]
[White "Pöltelt, Helmut"]
[Black "Alcer, Fabian"]
[Result "0-1"]
[WhiteElo "1745"]
[BlackElo "1760"]
[PlyCount "56"]
[EventDate "2014.??.??"]
[WhiteTeam "SC Eintracht Berlin e.V."]
[BlackTeam "SV Empor Berlin e.V."]

1. e4 e5 2. Nf3 Nc6 3. Bb5 a6 4. Ba4 Nf6 5. O-O Be7 6. Re1 b5 7. Bb3 d6 8. h3
O-O 9. c3 Na5 10. Bc2 c5 11. d4 Nd7 12. d5 Nb6 13. b3 f5 14. exf5 Bxf5 15. Bxf5
Rxf5 16. Re4 Qf8 17. Be3 Qf7 18. c4 bxc4 19. Nc3 Nd7 20. bxc4 Nf6 21. Ng5 Rxg5
22. Bxg5 Nxe4 23. Nxe4 Bxg5 24. Nxg5 Qg6 25. Qa4 Nxc4 26. Nxh7 Nd2 27. Qd1 Ne4
28. Rb1 Nc3 0-1

[Event "13. Lichtenberger Sommer"]
[Site "?"]
[Date "2014.08.23"]
[Round "8.65"]
[White "Heerde, Thomas"]
[Black "Günther, Boris"]
[Result "1-0"]
[WhiteElo "2074"]
[BlackElo "1538"]
[PlyCount "73"]
[EventDate "2014.??.??"]
[WhiteTeam "SC Weisse Dame e.V."]
[BlackTeam "SF Friedrichshagen"]

1. e4 e5 2. Nf3 Nc6 3. Bb5 a6 4. Ba4 d6 5. O-O Bg4 6. c3 Qf6 7. d3 Bxf3 8. Qxf3
Qxf3 9. gxf3 b5 10. Bc2 Nge7 11. f4 f5 12. exf5 Kd7 13. fxe5 dxe5 14. f4 Re8
15. fxe5 Nxe5 16. Nd2 Nd5 17. Ne4 Ng4 18. Rf3 Ne5 19. Rf2 Ng4 20. Rf3 Ne5 21.
Rg3 h5 22. h4 Ng4 23. Bg5 Rxe4 24. dxe4 Bc5+ 25. Kg2 Nde3+ 26. Bxe3 Nxe3+ 27.
Rxe3 Bxe3 28. Kf3 Bc5 29. e5 Rf8 30. Ke4 Bf2 31. Bb3 c5 32. Bd5 Bxh4 33. Rg1
Re8 34. Rxg7+ Re7 35. Rg6 a5 36. f6 Re8 37. Bc6+ 1-0

[Event "13. Lichtenberger Sommer"]
[Site "?"]
[Date "2014.08.23"]
[Round "8.68"]
[White "Jacob, Karl"]
[Black "Jaeger, Andre"]
[Result "0-1"]
[WhiteElo "1697"]
[BlackElo "1977"]
[PlyCount "64"]
[EventDate "2014.??.??"]
[WhiteTeam "Schachfreunde Hettstedt"]
[BlackTeam "SC Rochade e.V."]

1. Nf3 c5 2. g3 Nc6 3. Bg2 g6 4. c3 Bg7 5. O-O e5 6. e4 Nge7 7. Re1 O-O 8. d3
b6 9. Nbd2 h6 10. Nc4 d6 11. Ne3 Be6 12. Bd2 Qd7 13. Qc1 Kh7 14. Nh4 f5 15.
exf5 gxf5 16. Nf1 d5 17. c4 Rad8 18. Be3 Nb4 19. Rd1 dxc4 20. dxc4 Nd3 21. Qc2
e4 22. Rab1 Nc6 23. a3 Qf7 24. b3 Nce5 25. f3 Bf6 26. fxe4 Bxh4 27. gxh4 f4 28.
Bf2 Qg6 29. Ng3 Nxf2 30. Rxd8 Rxd8 31. Qxf2 fxg3 32. hxg3 Rd3 0-1

[Event "13. Lichtenberger Sommer"]
[Site "?"]
[Date "2014.08.23"]
[Round "8.69"]
[White "Keusch, Horst"]
[Black "Olaizola, Miguel"]
[Result "0-1"]
[WhiteElo "2021"]
[BlackElo "1773"]
[PlyCount "87"]
[EventDate "2014.??.??"]
[WhiteTeam "SC Friesen Lichtenberg e.V."]
[BlackTeam "SK Zehlendorf e.V."]

1. f4 e5 2. fxe5 d6 3. Nf3 Nc6 4. e4 dxe5 5. Bb5 Bc5 6. Bxc6+ bxc6 7. d3 Bg4 8.
Rf1 f6 9. Nbd2 Ne7 10. Nc4 Rb8 11. Qe2 O-O 12. Be3 Bxe3 13. Qxe3 Be6 14. Nfd2
Rb7 15. O-O-O Qb8 16. Qc5 Re8 17. h3 Rb5 18. Qe3 a5 19. Rf3 f5 20. Qg5 h6 21.
Qh5 Bf7 22. Qh4 a4 23. a3 Ng6 24. Qf2 f4 25. g4 Qd8 26. Qa7 Nh4 27. Rf2 Qa8 28.
Qxa8 Rxa8 29. d4 exd4 30. Rxf4 Ng6 31. Rf2 Rc5 32. b3 axb3 33. cxb3 Ne5 34. Rf5
Re8 35. Kb1 g6 36. Rf6 Nxc4 37. bxc4 Re6 38. Rf3 Ra5 39. Kb2 c5 40. Nb3 Rb6 41.
Rc1 Ra4 42. e5 Bxc4 43. e6 Bxe6 44. Rxc5 0-1

[Event "13. Lichtenberger Sommer"]
[Site "?"]
[Date "2014.08.23"]
[Round "8.70"]
[White "Krusemark, Gerhard"]
[Black "Schmidt, David"]
[Result "0-1"]
[WhiteElo "1755"]
[BlackElo "1981"]
[PlyCount "70"]
[EventDate "2014.??.??"]
[WhiteTeam "TSG Rot-Weiß Fredersdorf/Vogelsd"]
[BlackTeam "Doppelbauer Woltersdorf"]

1. e4 c5 2. c3 d5 3. exd5 Nf6 4. c4 e6 5. dxe6 Bxe6 6. d3 Nc6 7. Nf3 Bd6 8. Nc3
O-O 9. Be2 h6 10. O-O a6 11. a3 Qc7 12. g3 Rad8 13. Be3 Ng4 14. Ne4 Nxe3 15.
fxe3 f5 16. Nc3 g5 17. Qe1 Ne5 18. Nxe5 Bxe5 19. Rd1 Qg7 20. Bf3 f4 21. d4 cxd4
22. Bd5 Bxd5 23. Nxd5 fxe3 24. Qe2 Rxf1+ 25. Rxf1 Rf8 26. b4 Rxf1+ 27. Qxf1 Qf7
28. Qxf7+ Kxf7 29. Kf1 Ke6 30. Ke2 b5 31. Nb6 bxc4 32. Nxc4 Bc7 33. Nb2 Kf5 34.
Kf3 h5 35. h3 g4+ 0-1

[Event "13. Lichtenberger Sommer"]
[Site "?"]
[Date "2014.08.23"]
[Round "8.71"]
[White "Petersen, Moritz"]
[Black "Khorolskyi, Borys"]
[Result "0-1"]
[WhiteElo "1711"]
[BlackElo "1879"]
[PlyCount "82"]
[EventDate "2014.??.??"]
[WhiteTeam "SV Glück auf Rüdersdorf e.V."]
[BlackTeam "vereinslos"]

1. d4 Nf6 2. c4 c5 3. e3 g6 4. Be2 Bg7 5. Nf3 O-O 6. O-O b6 7. b3 Bb7 8. Bb2 d6
9. Nbd2 Ne4 10. Qc2 Nxd2 11. Nxd2 e5 12. Bf3 Nc6 13. dxc5 dxc5 14. a3 Qe7 15.
Bd5 Rad8 16. Rae1 Qc7 17. Bc3 Ne7 18. Bxb7 Qxb7 19. Nf3 Nc6 20. Rd1 f6 21. h3
Rfe8 22. Rxd8 Rxd8 23. Rd1 Qc8 24. Rd5 Ne7 25. Rd2 Kf7 26. Qd1 Rxd2 27. Qxd2 e4
28. Ne1 Qe6 29. f3 f5 30. Bxg7 Kxg7 31. Kf2 Nc6 32. Qc3+ Qf6 33. Qd2 Qe6 34.
Qc3+ Qe5 35. Qd2 Kf7 36. Qd7+ Ne7 37. Qd2 Ke6 38. Qc2 h5 39. g3 g5 40. fxe4
fxe4 41. Qe2 Nf5 0-1

[Event "13. Lichtenberger Sommer"]
[Site "?"]
[Date "2014.08.23"]
[Round "8.72"]
[White "Duijker, Bert"]
[Black "Schilly, Hans-Joachim"]
[Result "1-0"]
[WhiteElo "1926"]
[BlackElo "1804"]
[PlyCount "71"]
[EventDate "2014.??.??"]
[WhiteTeam "Bennekomse S.V."]
[BlackTeam "SF Siemensstadt"]

1. Nf3 d5 2. d4 Bf5 3. c4 dxc4 4. Nc3 Nf6 5. e3 e6 6. Bxc4 Be7 7. Qb3 O-O 8.
O-O Qc8 9. Bd2 Nbd7 10. Rac1 Nb6 11. Be2 Ne4 12. a4 Nxc3 13. bxc3 c6 14. c4 c5
15. a5 Nd7 16. Rfd1 Be4 17. Bc3 Qc7 18. Nd2 cxd4 19. exd4 Bg6 20. Bf3 Rab8 21.
Ne4 Nf6 22. Nxf6+ Bxf6 23. Bb4 Be7 24. d5 Bxb4 25. Qxb4 Bf5 26. d6 Qd7 27. Qb5
Rfd8 28. Qc5 b6 29. Qc7 Rbc8 30. axb6 axb6 31. Qxb6 Rb8 32. Qc7 Rbc8 33. Qxd7
Rxd7 34. c5 e5 35. c6 Rdd8 36. c7 1-0

[Event "13. Lichtenberger Sommer"]
[Site "?"]
[Date "2014.08.23"]
[Round "8.73"]
[White "Junge, Wolfgang"]
[Black "Exner, Roland"]
[Result "1/2-1/2"]
[WhiteElo "1848"]
[BlackElo "1908"]
[PlyCount "43"]
[EventDate "2014.??.??"]
[WhiteTeam "SC Friesen Lichtenberg e.V."]
[BlackTeam "SV Berolina Mitte e.V."]

1. d4 Nf6 2. c4 g6 3. Nc3 Bg7 4. e4 d6 5. f4 O-O 6. Nf3 c5 7. d5 b5 8. cxb5 a6
9. bxa6 Qa5 10. Bd2 Bxa6 11. Bxa6 Qxa6 12. Qe2 Nfd7 13. Qxa6 Nxa6 14. O-O f5
15. exf5 Rxf5 16. g4 Rff8 17. Rfe1 Rfe8 18. Ng5 Nb4 19. Re2 Bxc3 20. Bxc3 Nxd5
21. Ne6 Ra7 22. Be1 1/2-1/2

[Event "13. Lichtenberger Sommer"]
[Site "?"]
[Date "2014.08.23"]
[Round "8.74"]
[White "Kohlmeyer, Dagobert"]
[Black "Stein, Siegfried"]
[Result "0-1"]
[WhiteElo "1888"]
[BlackElo "1819"]
[PlyCount "102"]
[EventDate "2014.??.??"]
[WhiteTeam "SC Rochade e.V."]
[BlackTeam "SV Berolina Mitte e.V."]

1. e4 c5 2. Nf3 Nc6 3. d4 cxd4 4. Nxd4 Nf6 5. Nc3 e5 6. Ndb5 d6 7. Nd5 Nxd5 8.
exd5 Nb8 9. c4 Be7 10. Be2 O-O 11. O-O f5 12. c5 a6 13. cxd6 Bxd6 14. Nxd6 Qxd6
15. Qb3 Nd7 16. Rd1 b6 17. Bd2 Nc5 18. Qc2 Bd7 19. Bb4 Rfc8 20. Qd2 a5 21. Bxc5
Rxc5 22. Rac1 Rac8 23. Rxc5 Rxc5 24. h3 h6 25. b4 axb4 26. Qxb4 Kh7 27. Qb3 Ra5
28. h4 Ba4 29. Qe3 Bxd1 30. Bxd1 Rxd5 31. Bc2 e4 32. h5 Rd2 33. Bb3 Rd3 34. Qc1
b5 35. Kf1 b4 36. g3 Rc3 37. Qe1 Qd3+ 38. Kg1 e3 39. fxe3 Qxe3+ 40. Qxe3 Rxe3
41. Kf2 Rc3 42. Bf7 Rc6 43. Kf3 Rf6 44. Bb3 g5 45. hxg6+ Kxg6 46. Kf4 Rd6 47.
Bc2 Kf6 48. Bb3 Rd4+ 49. Ke3 Ke5 50. Bf7 f4+ 51. gxf4+ Rxf4 0-1

[Event "13. Lichtenberger Sommer"]
[Site "?"]
[Date "2014.08.23"]
[Round "8.75"]
[White "Wolff, Marie Antoinette"]
[Black "Lischeid, Kilian"]
[Result "0-1"]
[WhiteElo "1707"]
[BlackElo "1642"]
[PlyCount "66"]
[EventDate "2014.??.??"]
[WhiteTeam "Leegebrucher Schachfreunde"]
[BlackTeam "Schachunion Berlin e.V."]

1. c4 e5 2. Nc3 Nf6 3. g3 d5 4. cxd5 Nxd5 5. Bg2 Be6 6. d3 Nc6 7. Nf3 Be7 8.
O-O O-O 9. a3 f6 10. Qc2 Nb6 11. Be3 Qd7 12. Rfe1 Rfd8 13. b4 Rac8 14. Rac1 a5
15. b5 Nd4 16. Qb2 Qd6 17. Bxd4 exd4 18. Nb1 Na4 19. Qd2 Nc5 20. Qb2 Nb3 21.
Rc2 a4 22. Nfd2 Qb6 23. Nc4 Qxb5 24. Nbd2 c6 25. Nxb3 Qxb3 26. Qxb3 axb3 27.
Rb2 b5 28. Na5 Bxa3 29. Rbb1 Bb4 30. Nxc6 Rxc6 31. Bxc6 Bxe1 32. Rxe1 Rc8 33.
Bxb5 b2 0-1

[Event "13. Lichtenberger Sommer"]
[Site "?"]
[Date "2014.08.23"]
[Round "8.76"]
[White "Brüning, Wolfgang"]
[Black "Prix, Siegfried"]
[Result "1-0"]
[WhiteElo "1893"]
[BlackElo "1777"]
[PlyCount "55"]
[EventDate "2014.??.??"]
[WhiteTeam "Queer-Springer SSV Berlin"]
[BlackTeam "Sfrd. Berlin 1903 e.V."]

1. c4 e5 2. Nc3 Nf6 3. Nf3 Nc6 4. a3 a5 5. e3 Be7 6. Be2 O-O 7. d4 exd4 8. Nxd4
Nxd4 9. Qxd4 d6 10. b3 c6 11. Bb2 Bd7 12. Rd1 Qc7 13. g4 Rfd8 14. Qf4 Rac8 15.
g5 Ne8 16. h4 g6 17. Ne4 Be6 18. h5 d5 19. hxg6 fxg6 20. Qh4 Bf8 21. Nf6+ Nxf6
22. gxf6 Qf7 23. Rd4 dxc4 24. Re4 Bd5 25. Re7 Bxe7 26. fxe7 Re8 27. Qd4 Qg7 28.
Qxg7# 1-0

[Event "13. Lichtenberger Sommer"]
[Site "?"]
[Date "2014.08.23"]
[Round "8.77"]
[White "Getzuhn, Detlef"]
[Black "Dathe, Frederick"]
[Result "1-0"]
[WhiteElo "1896"]
[BlackElo "1594"]
[PlyCount "57"]
[EventDate "2014.??.??"]
[WhiteTeam "SV Senat"]
[BlackTeam "Schachunion Berlin e.V."]

1. e4 c5 2. Nf3 a6 3. d4 cxd4 4. Nxd4 e5 5. Nf5 d5 6. f3 Nf6 7. Ng3 Bc5 8. exd5
Nxd5 9. c4 Bb4+ 10. Bd2 Ne3 11. Qb3 Bxd2+ 12. Nxd2 Nxf1 13. Rxf1 O-O 14. O-O-O
Qc7 15. Kb1 Be6 16. Qe3 Bxc4 17. Rc1 Bxa2+ 18. Kxa2 Nc6 19. Qc5 Rac8 20. Nde4
Rfd8 21. Rfd1 a5 22. Kb1 Rd7 23. Rxd7 Qxd7 24. Nh5 Qf5 25. Nhg3 Qd7 26. Qd6 Rd8
27. Qxd7 Rxd7 28. Nc5 Rc7 29. Nxb7 1-0

[Event "13. Lichtenberger Sommer"]
[Site "?"]
[Date "2014.08.23"]
[Round "8.78"]
[White "Mildenberger, Hans"]
[Black "Bergmann, Jens"]
[Result "0-1"]
[WhiteElo "1632"]
[BlackElo "1896"]
[PlyCount "30"]
[EventDate "2014.??.??"]
[WhiteTeam "BVG-Helmholz"]
[BlackTeam "SK Tempelhof 1931 e.V."]

1. d4 Nf6 2. c4 e5 3. dxe5 Ng4 4. e3 Nxe5 5. Nf3 Nbc6 6. Nc3 Bc5 7. Be2 O-O 8.
O-O Nxf3+ 9. Bxf3 Ne5 10. Be4 Re8 11. b3 a5 12. Bb2 Qh4 13. Bf3 Ra6 14. Ne4
Nxf3+ 15. Qxf3 Qxe4 0-1

[Event "13. Lichtenberger Sommer"]
[Site "?"]
[Date "2014.08.23"]
[Round "8.79"]
[White "Engelhardt, Erhard"]
[Black "Geldner, Gerrit"]
[Result "0-1"]
[WhiteElo "1799"]
[BlackElo "1713"]
[PlyCount "91"]
[EventDate "2014.??.??"]
[WhiteTeam "SSV Rotation Berlin e.V."]
[BlackTeam "Schachunion Berlin e.V."]

1. f4 d5 2. e3 Nf6 3. Nf3 Bf5 4. b3 e6 5. Bb2 Nbd7 6. Be2 Bc5 7. O-O O-O 8. Kh1
Re8 9. Ne5 Nxe5 10. fxe5 Nd7 11. d4 Bb6 12. Bd3 Bxd3 13. Qxd3 f6 14. exf6 Nxf6
15. Nd2 c6 16. Rae1 Bc7 17. e4 dxe4 18. Nxe4 Nxe4 19. Qxe4 Ba5 20. Re2 Qd5 21.
Qg4 Rf8 22. Ref2 Rxf2 23. Rxf2 Rf8 24. Rxf8+ Kxf8 25. Ba3+ Kg8 26. Qf4 Qf5 27.
Qxf5 exf5 28. Bb2 Kf7 29. g3 Ke6 30. Kg2 g5 31. Kf3 h5 32. h3 g4+ 33. hxg4
fxg4+ 34. Ke2 Bc7 35. Kf2 Kf5 36. Bc3 Ke4 37. Bb2 Bd8 38. Ke2 Bf6 39. c3 Be7
40. Bc1 Bd6 41. Kf2 Kd3 42. c4 a6 43. d5 cxd5 44. cxd5 Ke4 45. Bf4 Bxf4 46.
gxf4 0-1

[Event "13. Lichtenberger Sommer"]
[Site "?"]
[Date "2014.08.23"]
[Round "8.80"]
[White "Ritter, Uwe"]
[Black "Bollenbach, Horst"]
[Result "1-0"]
[WhiteElo "1945"]
[BlackElo "1752"]
[PlyCount "35"]
[EventDate "2014.??.??"]
[WhiteTeam "Reideburger SV 90 Halle"]
[BlackTeam "SC Friesen Lichtenberg e.V."]

1. f4 d5 2. Nf3 Nf6 3. e3 Nc6 4. d4 Bf5 5. c3 a6 6. Bd3 Be4 7. O-O Qd7 8. Ne5
Qf5 9. Bxe4 dxe4 10. Qb3 O-O-O 11. Nxf7 Na5 12. Qd1 Nd5 13. Nxh8 Nc4 14. Qe2 b5
15. b3 Ncb6 16. Bd2 Rd6 17. c4 bxc4 18. bxc4 1-0

[Event "13. Lichtenberger Sommer"]
[Site "?"]
[Date "2014.08.23"]
[Round "8.81"]
[White "Dinslage, Klaus-Dieter"]
[Black "Kornath, Heinrich"]
[Result "1/2-1/2"]
[WhiteElo "1721"]
[BlackElo "1848"]
[PlyCount "151"]
[EventDate "2014.??.??"]
[WhiteTeam "Bahn-Schachclub Wuppertal"]
[BlackTeam "SG Eckturm"]

1. e4 c5 2. Nf3 g6 3. d4 cxd4 4. Nxd4 Bg7 5. Nc3 Nc6 6. Nxc6 bxc6 7. Bc4 Qa5 8.
Bd2 Qc5 9. Bd3 Nf6 10. Be3 Qb4 11. Rb1 O-O 12. a3 Qa5 13. Bd2 Qc7 14. O-O d5
15. exd5 cxd5 16. Re1 e5 17. a4 a6 18. Bg5 Be6 19. Qc1 e4 20. Bf1 Ng4 21. g3
Qb6 22. Qd2 h6 23. h3 Nxf2 24. Be3 d4 25. Bxf2 e3 26. Bxe3 dxe3 27. Qe2 Rfd8
28. Kh1 Bd4 29. Nd1 Qd6 30. Kh2 Rac8 31. c3 Bc4 32. Qf3 Bb6 33. Bxc4 Rxc4 34.
Nxe3 Rxa4 35. Rbd1 Qc5 36. Rxd8+ Bxd8 37. Nd5 Qd6 38. Re2 Kg7 39. b3 Ra1 40. c4
Bg5 41. Qc3+ Bf6 42. Nxf6 Qxf6 43. Qxf6+ Kxf6 44. Rb2 a5 45. Kg2 Ke5 46. b4
axb4 47. Rxb4 Ra2+ 48. Kf3 Ra3+ 49. Kf2 Rc3 50. Rb5+ Ke4 51. c5 Rc2+ 52. Kg1 h5
53. Rb4+ Kd5 54. Rb7 Ke6 55. Rb6+ Kd7 56. Rb7+ Ke8 57. Rb8+ Ke7 58. Rb7+ Kf8
59. Rb8+ Kg7 60. Rb5 g5 61. c6 Kg6 62. Rb6 f6 63. Ra6 Kf5 64. Ra5+ Ke4 65. Ra4+
Kf3 66. Ra3+ Ke2 67. Ra6 Rc3 68. Kg2 Ke3 69. Ra2 Rxc6 70. Ra3+ Kd4 71. Kf3 f5
72. h4 gxh4 73. gxh4 Ke5 74. Ra5+ Kf6 75. Ra4 Rd6 76. Kf4 1/2-1/2

[Event "13. Lichtenberger Sommer"]
[Site "?"]
[Date "2014.08.23"]
[Round "8.82"]
[White "Boeck, Rüdiger"]
[Black "Glase, Johan"]
[Result "1-0"]
[WhiteElo "1815"]
[BlackElo "1689"]
[PlyCount "43"]
[EventDate "2014.??.??"]
[WhiteTeam "SC Weiße Dame Ulm e.V."]
[BlackTeam "Schachunion Berlin e.V."]

1. e4 c5 2. Nf3 Nc6 3. d4 cxd4 4. Nxd4 d6 5. Nc3 g6 6. Nb3 Bg7 7. Bd2 Nf6 8.
Be2 O-O 9. f4 a6 10. Bf3 Qc7 11. Qe2 Bd7 12. O-O-O Rab8 13. h4 b5 14. h5 Rfc8
15. Be1 Be6 16. hxg6 fxg6 17. g4 Bxb3 18. axb3 Nb4 19. g5 Nd7 20. Bg4 Nxc2 21.
Be6+ Kh8 22. Rxh7+ 1-0

[Event "13. Lichtenberger Sommer"]
[Site "?"]
[Date "2014.08.23"]
[Round "8.83"]
[White "Bui, Bao Anh Le"]
[Black "Lieder, Günter"]
[Result "0-1"]
[WhiteElo "1576"]
[BlackElo "1864"]
[PlyCount "156"]
[EventDate "2014.??.??"]
[WhiteTeam "SV Mattnetz Berlin e.V."]
[BlackTeam "SK Turm Bad Hersfeld"]

1. e4 c5 2. Nf3 d6 3. d4 cxd4 4. Nxd4 e6 5. Nc3 Be7 6. Be3 Nf6 7. Bc4 a6 8. a4
O-O 9. O-O Qc7 10. Be2 Nbd7 11. a5 Nc5 12. f3 Bd7 13. b4 Nb3 14. Ncb5 Bxb5 15.
Nxb3 Bxe2 16. Qxe2 Rac8 17. Rac1 Qc4 18. Qxc4 Rxc4 19. c3 Rfc8 20. Bd2 Nd7 21.
Kf2 Bf6 22. Nd4 Kf8 23. Ke3 Bxd4+ 24. cxd4 Rxc1 25. Rxc1 Rxc1 26. Bxc1 Ke7 27.
Kd3 d5 28. e5 f6 29. f4 f5 30. Ba3 Kd8 31. Bc1 Kc7 32. Kc2 Kc6 33. Kb3 Kb5 34.
Bd2 Nb8 35. Be1 Nc6 36. Bc3 Ne7 37. h3 Ng6 38. g3 h5 39. Be1 Nf8 40. Bc3 Nd7
41. Bd2 b6 42. axb6 Nxb6 43. Be3 Nc4 44. Bc1 a5 45. bxa5 Nxa5+ 46. Kc3 Ka4 47.
Bb2 Nc6 48. Bc1 Na7 49. Bd2 Nb5+ 50. Kd3 Kb3 51. Ba5 Na3 52. Bb6 Nc4 53. Bc5 g6
54. h4 Nb2+ 55. Kd2 Kc4 56. Ba7 Nd3 57. Ke3 Nc1 58. Bc5 Na2 59. Ba7 Nc3 60. Bc5
Ne4 61. Bb6 Nxg3 62. Ba7 Nf1+ 63. Ke2 Ng3+ 64. Kf3 Ne4 65. Ke3 Kc3 66. Bb6 Kc2
67. Ba5 Kd1 68. Bb4 Ng3 69. Bc3 Nf1+ 70. Kd3 Nh2 71. Ke3 Ng4+ 72. Kf3 Kc2 73.
Ba5 Kd3 74. Bb6 Ne3 75. Kf2 Nc2 76. Kg3 Nxd4 77. Kf2 Nb3 78. Bc7 Ke4 0-1

[Event "13. Lichtenberger Sommer"]
[Site "?"]
[Date "2014.08.23"]
[Round "8.84"]
[White "Born, Jonathan"]
[Black "Bauer, Stefan"]
[Result "0-1"]
[WhiteElo "1706"]
[BlackElo "1614"]
[PlyCount "72"]
[EventDate "2014.??.??"]
[WhiteTeam "SV Königsjäger Süd-West e.V."]
[BlackTeam "SC Kreuzberg e.V."]

1. e4 c5 2. Nf3 Nc6 3. d4 cxd4 4. Nxd4 a6 5. Nc3 e6 6. Be3 Nf6 7. Be2 g6 8. Qd2
Ne5 9. Bf4 d6 10. Nf3 Nxf3+ 11. Bxf3 e5 12. Bg5 Be6 13. O-O-O h6 14. Bh4 g5 15.
Bg3 g4 16. Be2 Qa5 17. Kb1 b5 18. Bh4 Nxe4 19. Qd3 Nxc3+ 20. Qxc3 Qxc3 21. bxc3
Rc8 22. Rd3 h5 23. Rhd1 Rc6 24. f3 Bc4 25. R3d2 Be6 26. Rd3 Bc4 27. Re3 Be7 28.
Bxe7 Kxe7 29. f4 f6 30. Bxc4 bxc4 31. Kb2 Rb8+ 32. Ka3 Rc5 33. Ka4 Rb2 34. fxe5
fxe5 35. h3 Rxa2+ 36. Kb4 a5# 0-1

[Event "13. Lichtenberger Sommer"]
[Site "?"]
[Date "2014.08.23"]
[Round "8.85"]
[White "Lange, Cecilia"]
[Black "Müller, Johannes"]
[Result "1/2-1/2"]
[WhiteElo "1553"]
[BlackElo "1845"]
[PlyCount "89"]
[EventDate "2014.??.??"]
[WhiteTeam "TSG Oberschöneweide e.V."]
[BlackTeam "SC Eintracht Berlin e.V."]

1. e4 g6 2. d4 d6 3. Nc3 Bg7 4. Nf3 c6 5. Be3 b5 6. Be2 Nf6 7. O-O b4 8. Na4
Nxe4 9. Qd3 Nf6 10. Qb3 a5 11. a3 Nd5 12. axb4 axb4 13. Bd2 Na6 14. Rfe1 Rb8
15. Bxa6 Bxa6 16. Nc5 Bc8 17. Nd3 Bg4 18. Nxb4 Nxb4 19. Bxb4 Bxf3 20. Qxf3 Rxb4
21. Qxc6+ Kf8 22. Ra8 Rb8 23. Rea1 Bxd4 24. Rxb8 Qxb8 25. Ra8 Qxa8 26. Qxa8+
Kg7 27. Qb7 h5 28. g3 e6 29. c4 g5 30. b4 h4 31. Kg2 hxg3 32. hxg3 Rd8 33. Qc7
Bf6 34. b5 d5 35. cxd5 Rxd5 36. b6 Be5 37. Qe7 Kg6 38. b7 Rb5 39. Qd7 Rb2 40.
Qd3+ f5 41. Qd7 Kf6 42. Qd8+ Kf7 43. Qd7+ Kf6 44. Qd8+ Kf7 45. Qd7+ 1/2-1/2

[Event "13. Lichtenberger Sommer"]
[Site "?"]
[Date "2014.08.23"]
[Round "8.86"]
[White "Radloff, Rainer"]
[Black "Kujawa, Werner"]
[Result "0-1"]
[WhiteElo "1706"]
[BlackElo "1814"]
[PlyCount "54"]
[EventDate "2014.??.??"]
[WhiteTeam "SC Weisse Dame e.V."]
[BlackTeam "SV Motor Wildau e.V."]

1. Nf3 Nf6 2. d4 e6 3. e3 c5 4. c3 b6 5. Bd3 Bb7 6. O-O a6 7. a4 d5 8. Nbd2 Bd6
9. Qc2 c4 10. Be2 Qc7 11. h3 Nbd7 12. b4 O-O 13. Re1 Rfc8 14. Nf1 Ne4 15. N1d2
f5 16. Nxe4 fxe4 17. Nd2 Nf6 18. f3 exf3 19. Bxf3 e5 20. Ba3 exd4 21. exd4 Re8
22. Qb2 Bh2+ 23. Kf1 Bg3 24. Rxe8+ Rxe8 25. Rd1 Qf4 26. Nb1 Bh4 27. Qc1 Qh2 0-1